书目信息 |
| 题名: |
数学分析讲义
|
|
| 作者: | 傅沛仁 , 刘玉琏 编 | |
| 分册: | 上册 | |
| 出版信息: | 北京 人民教育出版社 1985 |
|
| 页数: | 415页 | |
| 开本: | 21cm | |
| 丛书名: | ||
| 单 册: | ||
| 中图分类: | O17 | |
| 科图分类: | ||
| 主题词: | 数学分析--教材 | |
| 电子资源: | ||
| ISBN: | 7-04-001210-3 | |
| 000 | 00741nam0 2200265 45 | |
| 001 | 0181005463 | |
| 005 | 20070712160136.95 | |
| 010 | @a7-04-001210-3@dCNY3.35 | |
| 091 | @a13012.0674 | |
| 100 | @a19950706d1985 em y0chiy0121 ea | |
| 101 | 0 | @achi |
| 102 | @aCN@b110000 | |
| 102 | @aCN@b110000 | |
| 105 | @ay z 000yy | |
| 200 | 10 | @a数学分析讲义@Ashu xue fen xi jiang yi@h上册@f刘玉琏,傅沛仁编@Fliu yu lian,fu pei ren bian |
| 205 | @a2版 | |
| 210 | @a北京@c人民教育出版社@d1985@h1989 | |
| 215 | @a415页@d21cm | |
| 606 | @a数学分析@x教材 | |
| 690 | @aO17@v3 | |
| 701 | 0 | @a傅沛仁@Afu pei ren@4编 |
| 701 | 0 | @a刘玉琏@Aliu yu lian@4编 |
| 801 | 0 | @aCN@b上海图书馆@c20070712 |
| 801 | 2 | @aCN@bNLC@c20070712 |
| 905 | @dO17@e10:1=2 | |
| 数学分析讲义.上册/刘玉琏,傅沛仁编.-2版.-北京:人民教育出版社,1985(1989) |
| 415页;21cm |
| ISBN 7-04-001210-3:CNY3.35 |
| ● |
| 相关链接 |
|
|
|
|
正题名:数学分析讲义
索取号:O17/10:1=2
 
预约/预借
| 序号 | 登录号 | 条形码 | 馆藏地/架位号 | 状态 | 备注 |
| 1 | 0769910 | 207699105 | 密集书库/ [索取号:O17/10:1=2] | 在馆 | |
| 2 | 0769915 | 207699150 | 密集书库/ [索取号:O17/10:1=2] | 在馆 |